00354nam a2200133Ia 4500008004100000020001800041040002900059050002300088100001600111245004300127260002800170942000700198999001500205221222s9999||||xx |||||||||||||| ||und|| a0-333-40900-0 cChuka University Library aLB 1051 bH46 1986 aHendrikz, E 0aIntroduction to educational psychology aMacmillanbOxfordc1986 cBK c4448d4448